| 000 | 00683nam a2200217Ia 4500 | ||
|---|---|---|---|
| 008 | 191130s2007##################000#0#eng## | ||
| 020 | _a9780820478746 | ||
| 022 | _a2005044222 | ||
| 040 |
_aACL _cACL |
||
| 082 | _a230.044092 ZIE | ||
| 100 | _aZiegler, Philip Gordon | ||
| 245 |
_aDoing theology when God is forgotten : the theological achievement of wolf Krötke _cPhilip G. Ziegler |
||
| 260 |
_aBern _bPeter Lang _cc2007 |
||
| 300 | _aviii, 253 p. ; 24 cm | ||
| 500 | _aIncludes bibliographical references (p. [233]-248) and index | ||
| 650 | _aKrötke, Wolf | ||
| 650 | _aTheology | ||
| 990 | _a65b4df8bac10000c1525262d28849c9d | ||
| 991 | _a94170 | ||
| 999 |
_c152538 _d152538 |
||